000 00820nam a2200241 a 4500
001 000019976
005 20200929170220.0
008 100709s1969 sp 001 e spa d
040 _aDO-SdBNP
_bspa
_cBNPHU
082 _a864.6
_bM542g, 1969
100 1 _aMenéndez Pidal, Ramón,
_d1869-1968.
_93902
245 1 4 _aLos godos y la epopeya española :
_bchansons de geste y baladas nórdicas /
_cRamón Menéndez Pidal.
250 _a2a ed.
260 _aMadrid :
_bEspasa-Calpe,
_c1969.
300 _a255, [16] p. ;
_c18 cm.
490 1 _aAustral. Verde: ensayos y filosofía
_v1275
500 _aIncluye índice de autores.
650 4 _aEnsayos españoles
_93095
650 4 _aLiteratura española
_ySIGLO XX
_93326
830 0 _aAustral.
_pVerde: ensayos y filosofía.
_v1275
_98733
910 _aWM
049 _aBNGR
999 _c19489
_d19489